000 00274nam a22001217a 4500
041 _aENG
100 _aSrivastava
245 _aBiomass Briquetting And Utilization
260 _aDelhi
_bJain Brothers
_c1995
300 _a152
650 _aEOES
856 _uNot To Be Issued
999 _c2557
_d2557